| 000 | 01285nam a2200313Ia 4500 | ||
|---|---|---|---|
| 001 | ebr10348435 | ||
| 003 | CaPaEBR | ||
| 006 | m u | ||
| 007 | cr cn||||||||| | ||
| 008 | 081217s2009 ctu sb 001 0 fre d | ||
| 010 | _z 2008054064 | ||
| 020 | _z9780300122459 (pbk. : alk. paper) | ||
| 040 |
_aCaPaEBR _cCaPaEBR |
||
| 035 | _a(OCoLC)646861114 | ||
| 050 | 1 | 4 |
_aPQ2282 _b.B37 2009eb |
| 100 | 1 |
_aHugo, Victor, _d1802-1885. |
|
| 245 | 1 | 0 |
_aVictor Hugo on things that matter _h[electronic resource] : _ba reader / _cedited by Marva A. Barnett. |
| 260 |
_aNew Haven : _bYale University Press, _c2009. |
||
| 300 | _axxvi, 491 p. | ||
| 504 | _aIncludes bibliographical references and index. | ||
| 533 |
_aElectronic reproduction. _bPalo Alto, Calif. : _cebrary, _d2010. _nAvailable via World Wide Web. _nAccess may be limited to ebrary affiliated libraries. |
||
| 546 | _aThe selections are in original French, with introductions and annotations in English. | ||
| 600 | 1 | 0 |
_aHugo, Victor, _d1802-1885. |
| 650 | 0 | _aFrench literature. | |
| 655 | 7 |
_aElectronic books. _2local |
|
| 700 | 1 | _aBarnett, Marva A. | |
| 710 | 2 | _aebrary, Inc. | |
| 856 | 4 | 0 |
_uhttp://site.ebrary.com/lib/rucke/Doc?id=10348435 _zAn electronic book accessible through the World Wide Web; click to view |
| 999 |
_c43686 _d43686 |
||